Föderationssubjekte nach Föderationskreis (Russland) - Statistiken

Allgemein
  • Dieses Quiz wurde 16 mal gespielt
  • Das Durchschnittsergebnis liegt bei 42 aus 83
Antwortstatistiken
Hint Antwort % Korrekt
Zentralrussland Moskau
100%
Zentralrussland Oblast Moskau
100%
Wolga Oblast Samara
100%
Südrussland Region Krasnodar
100%
Nordkaukasus Republik Dagestan
100%
Nordwestrussland Oblast Archangelsk
75%
Zentralrussland Oblast Belgorod
75%
Wolga Oblast Kirow
75%
Zentralrussland Oblast Kursk
75%
Nordwestrussland Oblast Leningrad
75%
Nordwestrussland Oblast Murmansk
75%
Sibirien Oblast Nowosibirsk
75%
Sibirien Oblast Omsk
75%
Südrussland Oblast Rostow
75%
Ferner Osten Oblast Sachalin
75%
Sibirien Oblast Tomsk
75%
Zentralrussland Oblast Twer
75%
Südrussland Oblast Wolgograd
75%
Sibirien Region Krasnojarsk
75%
Wolga Region Perm
75%
Ferner Osten Republik Sacha (Jakutien)
75%
Nordkaukasus Republik Tschetschenien
75%
Ural Autonomer Kreis Jamal-Nenzen
50%
Nordwestrussland Autonomer Kreis Nenzen
50%
Südrussland Oblast Astrachan
50%
Zentralrussland Oblast Brjansk
50%
Sibirien Oblast Irkutsk
50%
Zentralrussland Oblast Iwanowo
50%
Zentralrussland Oblast Jaroslawl
50%
Nordwestrussland Oblast Kaliningrad
50%
Zentralrussland Oblast Kaluga
50%
Ferner Osten Oblast Magadan
50%
Wolga Oblast Nischni Nowgorod
50%
Nordwestrussland Oblast Nowgorod
50%
Wolga Oblast Orenburg
50%
Nordwestrussland Oblast Pskow
50%
Zentralrussland Oblast Rjasan
50%
Wolga Oblast Saratow
50%
Zentralrussland Oblast Smolensk
50%
Ural Oblast Tjumen
50%
Ural Oblast Tscheljabinsk
50%
Zentralrussland Oblast Tula
50%
Wolga Oblast Uljanowsk
50%
Zentralrussland Oblast Wladimir
50%
Nordwestrussland Oblast Wologda
50%
Zentralrussland Oblast Woronesch
50%
Sibirien Region Altai
50%
Ferner Osten Region Chabarowsk
50%
Ferner Osten Region Kamtschatka
50%
Ferner Osten Region Primorje
50%
Nordkaukasus Region Stawropol
50%
Ferner Osten Region Transbaikalien
50%
Sibirien Republik Altai
50%
Sibirien Republik Chakassien
50%
Südrussland Republik Kalmückien
50%
Nordwestrussland Republik Karelien
50%
Nordwestrussland Republik Komi
50%
Wolga Republik Mari El
50%
Wolga Republik Tatarstan
50%
Wolga Republik Tschuwaschien
50%
Nordwestrussland Sankt Petersburg
50%
Ferner Osten Autonomer Kreis Tschuktschen (Tschukotka)
25%
Ferner Osten Oblast Amur
25%
Sibirien Oblast Kemerowo
25%
Zentralrussland Oblast Kostroma
25%
Ural Oblast Kurgan
25%
Zentralrussland Oblast Lipezk
25%
Zentralrussland Oblast Orjol
25%
Wolga Oblast Pensa
25%
Ural Oblast Swerdlowsk
25%
Zentralrussland Oblast Tambow
25%
Wolga Republik Baschkortostan
25%
Ferner Osten Republik Burjatien
25%
Nordkaukasus Republik Inguschetien
25%
Nordkaukasus Republik Kabardino-Balkarien
25%
Nordkaukasus Republik Karatschai-Tscherkessien
25%
Wolga Republik Mordwinien
25%
Nordkaukasus Republik Nordossetien-Alanien
25%
Sibirien Republik Tuwa
25%
Wolga Republik Udmurtien
25%
Ural Autonomer Kreis Chanten und Mansen (Jugra)
0%
Ferner Osten Jüdische Autonome Oblast
0%
Südrussland Republik Adygeja
0%
Keine übereinstimmenden Quizze gefunden
Verteilung der Resultate
Anzahl Personen mit jedem Resultat
Perzentil nach korrekt beantworteten Fragen
Ihre Resultats-Entwicklung
Sie haben dieses Quiz noch nicht gespielt